{"text_format":"3","workbook":"xlsx","n_sheets":1,"sheets":["t238"],"read":"whole","date_system":"1900"}

{"sheet":"t238","index":0,"n_rows":167,"n_cols":7,"rows_kept":167,"merged":[[0,0,0,6],[30,0,30,5],[44,0,44,5],[140,0,140,5]]}
["TABELA 238.1 - Estatísticas Agrícolas, Município de Inúbia Paulista, Estado de São Paulo, 2007/08."]
["ITEM","UNIDADE","N.DE UPAs","MÍNIMO","MÉDIO","MÁXIMO","TOTAL"]
["Distância à sede do município","km",151,0.4,{"v":3.43,"d":"3.4"},{"v":14,"d":"14.0"},"-"]
["Área total","hectare",151,{"v":1,"d":"1.0"},{"v":69.27,"d":"69.3"},{"v":1422,"d":"1,422.0"},{"v":10459.9,"d":"10,459.9"}]
["Área com cultura perene","hectare",51,0.1,{"v":6.42,"d":"6.4"},{"v":100,"d":"100.0"},327.3]
["Área com cultura temporária","hectare",74,0.2,{"v":47.61,"d":"47.6"},{"v":835,"d":"835.0"},{"v":3523.5,"d":"3,523.5"}]
["Área com pastagem","hectare",133,0.3,{"v":37.04,"d":"37.0"},749.3,{"v":4925.8,"d":"4,925.8"}]
["Área com reflorestamento","hectare",35,0.1,{"v":7.77,"d":"7.8"},{"v":130,"d":"130.0"},271.8]
["Área com vegetação natural","hectare",30,0.5,{"v":37.24,"d":"37.2"},{"v":323,"d":"323.0"},{"v":1117.1,"d":"1,117.1"}]
["Área com vegetação de brejo e várzea","hectare",2,1.8,4.5,7.2,{"v":9,"d":"9.0"}]
["Área em descanso","hectare",3,0.8,{"v":39.83,"d":"39.8"},{"v":114,"d":"114.0"},119.5]
["Área complementar","hectare",122,0.1,{"v":1.36,"d":"1.4"},{"v":47,"d":"47.0"},165.9]
["Área das UPAs com (0, 1] ha","hectare",1,{"v":1,"d":"1.0"},{"v":1,"d":"1.0"},{"v":1,"d":"1.0"},{"v":1,"d":"1.0"}]
["Área das UPAs com (1, 2] ha","hectare",3,1.2,{"v":1.53,"d":"1.5"},{"v":2,"d":"2.0"},4.6]
["Área das UPAs com (2, 5] ha","hectare",19,{"v":3,"d":"3.0"},{"v":4.14,"d":"4.1"},4.9,78.7]
["Área das UPAs com (5, 10] ha","hectare",34,5.2,{"v":7.29,"d":"7.3"},9.9,247.7]
["Área das UPAs com (10, 20] ha","hectare",36,10.1,13.5,19.8,486.1]
["Área das UPAs com (20, 50] ha","hectare",33,21.7,{"v":34.36,"d":"34.4"},48.4,{"v":1133.9,"d":"1,133.9"}]
["Área das UPAs com (50, 100] ha","hectare",11,53.2,{"v":72.82,"d":"72.8"},{"v":96,"d":"96.0"},{"v":801,"d":"801.0"}]
["Área das UPAs com (100, 200] ha","hectare",5,123.4,{"v":133.92,"d":"133.9"},145.2,669.6]
["Área das UPAs com (200, 500] ha","hectare",4,250.4,{"v":296,"d":"296.0"},{"v":365,"d":"365.0"},{"v":1184,"d":"1,184.0"}]
["Área das UPAs com (500, 1.000] ha","hectare",1,704.1,704.1,704.1,704.1]
["Área das UPAs com (1.000, 2.000] ha","hectare",4,{"v":1100,"d":"1,100.0"},{"v":1287.3,"d":"1,287.3"},{"v":1422,"d":"1,422.0"},{"v":5149.2,"d":"5,149.2"}]
["Área das UPAs com (2.000, 5.000] ha","hectare","-","-","-","-","-"]
["Área das UPAs com (5.000, 10.000] ha","hectare","-","-","-","-","-"]
["Área das UPAs acima de 10.000 ha","hectare","-","-","-","-","-"]
["Familiares do proprietário que trabalham na UPA","unidade",134,{"v":1,"d":"1.0"},1.6,{"v":7,"d":"7.0"},{"v":215,"d":"215.0"}]
["Trabalhadores permanentes","unidade",40,{"v":1,"d":"1.0"},{"v":4.05,"d":"4.1"},{"v":38,"d":"38.0"},{"v":162,"d":"162.0"}]
["Fonte: Secretaria de Agricultura e Abastecimento, CDRS/IEA, Projeto LUPA."]
[]
["TABELA 238.2 - Explorações Animais, Município de Inúbia Paulista, Estado de São Paulo, 2007/08."]
["ITEM","UNIDADE","N.DE UPAs","MÍNIMO","MÉDIO","MÁXIMO","TOTAL"]
["Apicultura","colmeias",1,{"v":10,"d":"10.0"},{"v":10,"d":"10.0"},{"v":10,"d":"10.0"},{"v":10,"d":"10.0"}]
["Asininos E Muares","cabeças",1,{"v":10,"d":"10.0"},{"v":10,"d":"10.0"},{"v":10,"d":"10.0"},{"v":10,"d":"10.0"}]
["Avicultura para Ovos","cabeças",1,{"v":60,"d":"60.0"},{"v":60,"d":"60.0"},{"v":60,"d":"60.0"},{"v":60,"d":"60.0"}]
["Bovinocultura de Corte","cabeças",24,{"v":9,"d":"9.0"},{"v":273.96,"d":"274.0"},{"v":2337,"d":"2,337.0"},{"v":6575,"d":"6,575.0"}]
["Bovinocultura Leiteira","cabeças",2,{"v":52,"d":"52.0"},{"v":91,"d":"91.0"},{"v":130,"d":"130.0"},{"v":182,"d":"182.0"}]
["Bovinocultura Mista","cabeças",54,{"v":2,"d":"2.0"},{"v":27.31,"d":"27.3"},{"v":119,"d":"119.0"},{"v":1475,"d":"1,475.0"}]
["Bubalinocultura","cabeças",1,{"v":5,"d":"5.0"},{"v":5,"d":"5.0"},{"v":5,"d":"5.0"},{"v":5,"d":"5.0"}]
["Equinocultura","cabeças",6,{"v":1,"d":"1.0"},{"v":26.17,"d":"26.2"},{"v":100,"d":"100.0"},{"v":157,"d":"157.0"}]
["Ovinocultura","cabeças",8,{"v":20,"d":"20.0"},{"v":54,"d":"54.0"},{"v":200,"d":"200.0"},{"v":432,"d":"432.0"}]
["Suinocultura","cabeças",3,{"v":20,"d":"20.0"},{"v":53.33,"d":"53.3"},{"v":70,"d":"70.0"},{"v":160,"d":"160.0"}]
["Fonte: Secretaria de Agricultura e Abastecimento, CDRS/IEA, Projeto LUPA."]
[]
["TABELA 238.3 -  Máquinas, Implementos e Benfeitorias, Município de Inúbia Paulista, Estado de São Paulo, 2007/08."]
["ITEM","UNIDADE","N.DE UPAs","MÍNIMO","MÉDIO","MÁXIMO","TOTAL"]
["Arado Comum (Bacia, Aiveca)","Unidade",19,{"v":1,"d":"1.0"},{"v":1.42,"d":"1.4"},{"v":3,"d":"3.0"},{"v":27,"d":"27.0"}]
["Arado Escarificador","Unidade",5,{"v":1,"d":"1.0"},1.4,{"v":3,"d":"3.0"},{"v":7,"d":"7.0"}]
["Arado Subsolador","Unidade",2,{"v":1,"d":"1.0"},{"v":1,"d":"1.0"},{"v":1,"d":"1.0"},{"v":2,"d":"2.0"}]
["Batedeira de Cereais","Unidade",5,{"v":1,"d":"1.0"},{"v":1,"d":"1.0"},{"v":1,"d":"1.0"},{"v":5,"d":"5.0"}]
["Carregadeira de Cana","Unidade",4,{"v":1,"d":"1.0"},1.5,{"v":2,"d":"2.0"},{"v":6,"d":"6.0"}]
["Colhedeira Acoplada","Unidade",3,{"v":1,"d":"1.0"},{"v":1,"d":"1.0"},{"v":1,"d":"1.0"},{"v":3,"d":"3.0"}]
["Computador","Unidade",3,{"v":3,"d":"3.0"},{"v":4.33,"d":"4.3"},{"v":6,"d":"6.0"},{"v":13,"d":"13.0"}]
["Conj.Irrigação Convencional","Unidade",3,{"v":1,"d":"1.0"},{"v":1,"d":"1.0"},{"v":1,"d":"1.0"},{"v":3,"d":"3.0"}]
["Conjunto de Fenação","Unidade",1,{"v":1,"d":"1.0"},{"v":1,"d":"1.0"},{"v":1,"d":"1.0"},{"v":1,"d":"1.0"}]
["Desintegrador, Picador, Triturador","Unidade",32,{"v":1,"d":"1.0"},{"v":1.06,"d":"1.1"},{"v":2,"d":"2.0"},{"v":34,"d":"34.0"}]
["Distribuidor de Calcário","Unidade",8,{"v":1,"d":"1.0"},1.5,{"v":2,"d":"2.0"},{"v":12,"d":"12.0"}]
["Ensiladeira","Unidade",5,{"v":1,"d":"1.0"},1.6,{"v":3,"d":"3.0"},{"v":8,"d":"8.0"}]
["Grade Aradora (Tipo Romi)","Unidade",11,{"v":1,"d":"1.0"},{"v":1.64,"d":"1.6"},{"v":5,"d":"5.0"},{"v":18,"d":"18.0"}]
["Grade Niveladora","Unidade",14,{"v":1,"d":"1.0"},{"v":1.64,"d":"1.6"},{"v":6,"d":"6.0"},{"v":23,"d":"23.0"}]
["Implementos para Tração Animal","Unidade",15,{"v":1,"d":"1.0"},{"v":1.07,"d":"1.1"},{"v":2,"d":"2.0"},{"v":16,"d":"16.0"}]
["Misturador de Ração","Unidade",3,{"v":1,"d":"1.0"},{"v":1,"d":"1.0"},{"v":1,"d":"1.0"},{"v":3,"d":"3.0"}]
["Ordenhadeira Mecânica","Unidade",4,{"v":1,"d":"1.0"},{"v":1,"d":"1.0"},{"v":1,"d":"1.0"},{"v":4,"d":"4.0"}]
["Pulverizador Tratorizado","Unidade",12,{"v":1,"d":"1.0"},{"v":1.92,"d":"1.9"},{"v":4,"d":"4.0"},{"v":23,"d":"23.0"}]
["Resfriador de Leite, Tanque Expansão","Unidade",2,{"v":1,"d":"1.0"},1.5,{"v":2,"d":"2.0"},{"v":3,"d":"3.0"}]
["Semeadeira/Adubadeira para Plantio Convencional","Unidade",4,{"v":1,"d":"1.0"},{"v":1,"d":"1.0"},{"v":1,"d":"1.0"},{"v":4,"d":"4.0"}]
["Semeadeira/Plantadeira Plantio Direto","Unidade",4,{"v":1,"d":"1.0"},{"v":1.25,"d":"1.3"},{"v":2,"d":"2.0"},{"v":5,"d":"5.0"}]
["Terraceador","Unidade",5,{"v":1,"d":"1.0"},{"v":1,"d":"1.0"},{"v":1,"d":"1.0"},{"v":5,"d":"5.0"}]
["Trator de Pneus","Unidade",28,{"v":1,"d":"1.0"},{"v":2.18,"d":"2.2"},{"v":8,"d":"8.0"},{"v":61,"d":"61.0"}]
["Açude/Represa","Unidade",35,{"v":1,"d":"1.0"},{"v":2,"d":"2.0"},{"v":16,"d":"16.0"},{"v":70,"d":"70.0"}]
["Almoxarifado/Oficina","Unidade",10,{"v":1,"d":"1.0"},1.1,{"v":2,"d":"2.0"},{"v":11,"d":"11.0"}]
["Armazém para Grãos Ensacados","Sacas",4,{"v":1,"d":"1.0"},{"v":1,"d":"1.0"},{"v":1,"d":"1.0"},{"v":4,"d":"4.0"}]
["Balança para Bovinos","Unidade",5,{"v":1,"d":"1.0"},{"v":1,"d":"1.0"},{"v":1,"d":"1.0"},{"v":5,"d":"5.0"}]
["Balança para Veículos","Unidade",1,{"v":1,"d":"1.0"},{"v":1,"d":"1.0"},{"v":1,"d":"1.0"},{"v":1,"d":"1.0"}]
["Barracão para Cultivo de Cogumelo","Unidade",1,{"v":1,"d":"1.0"},{"v":1,"d":"1.0"},{"v":1,"d":"1.0"},{"v":1,"d":"1.0"}]
["Barracão para Granja/Avicultura","Unidade",1,{"v":1,"d":"1.0"},{"v":1,"d":"1.0"},{"v":1,"d":"1.0"},{"v":1,"d":"1.0"}]
["Barracão/Galpão/Garagem","Unidade",34,{"v":1,"d":"1.0"},{"v":1.32,"d":"1.3"},{"v":4,"d":"4.0"},{"v":45,"d":"45.0"}]
["Casa de Moradia Habitada","Unidade",88,{"v":1,"d":"1.0"},{"v":1.77,"d":"1.8"},{"v":21,"d":"21.0"},{"v":156,"d":"156.0"}]
["Casa de Moradia Total","Unidade",102,{"v":1,"d":"1.0"},{"v":2.46,"d":"2.5"},{"v":44,"d":"44.0"},{"v":251,"d":"251.0"}]
["Curral/Mangueira","Unidade",90,{"v":1,"d":"1.0"},{"v":1.03,"d":"1.0"},{"v":2,"d":"2.0"},{"v":93,"d":"93.0"}]
["Depósito/Tulha","Unidade",74,{"v":1,"d":"1.0"},{"v":1.36,"d":"1.4"},{"v":11,"d":"11.0"},{"v":101,"d":"101.0"}]
["Fábrica de Ração","Unidade",2,{"v":1,"d":"1.0"},{"v":1,"d":"1.0"},{"v":1,"d":"1.0"},{"v":2,"d":"2.0"}]
["Máquina de Benefício","Unidade",3,{"v":1,"d":"1.0"},{"v":1,"d":"1.0"},{"v":1,"d":"1.0"},{"v":3,"d":"3.0"}]
["Pocilga","Unidade",4,{"v":1,"d":"1.0"},{"v":1.25,"d":"1.3"},{"v":2,"d":"2.0"},{"v":5,"d":"5.0"}]
["Poço Semi-Artesiano","Unidade",36,{"v":1,"d":"1.0"},{"v":1.19,"d":"1.2"},{"v":4,"d":"4.0"},{"v":43,"d":"43.0"}]
["Secador de Grãos","Unidade",3,{"v":1,"d":"1.0"},{"v":1.33,"d":"1.3"},{"v":2,"d":"2.0"},{"v":4,"d":"4.0"}]
["Silo para Grãos","t",2,{"v":1,"d":"1.0"},150.5,{"v":300,"d":"300.0"},{"v":301,"d":"301.0"}]
["Silo para Silagem","t",1,{"v":200,"d":"200.0"},{"v":200,"d":"200.0"},{"v":200,"d":"200.0"},{"v":200,"d":"200.0"}]
["Terreiro","m²",45,{"v":1,"d":"1.0"},{"v":695.49,"d":"695.5"},{"v":10000,"d":"10,000.0"},{"v":31297,"d":"31,297.0"}]
["Fonte: Secretaria de Agricultura e Abastecimento, CDRS/IEA, Projeto LUPA."]
[]
["TABELA 238.4 - Outras Estatísticas Agrícolas, Município de Inúbia Paulista, Estado de São Paulo, 2007/08."]
["ITEM","Número de UPAs",null,"Percentual"]
["Faz Parte de Associação de Produtores",137,null,{"v":90.72847682119205,"d":"90.7"}]
["Faz Parte de Cooperativa de Produtores",147,null,{"v":97.35099337748345,"d":"97.4"}]
["Faz Parte do Sindicato de Produtores",131,null,{"v":86.75496688741721,"d":"86.8"}]
["Não utiliza assistência técnica ",1,null,{"v":0.6622516556291391,"d":"0.7"}]
["Utiliza somente assistência técnica governamental ",116,null,{"v":76.82119205298014,"d":"76.8"}]
["Utiliza somente assistência técnica privada ",2,null,{"v":1.3245033112582782,"d":"1.3"}]
["Utiliza assistência técnica tanto governamental quanto privada",32,null,{"v":21.192052980132452,"d":"21.2"}]
["Utiliza Crédito Rural",17,null,{"v":11.258278145695364,"d":"11.3"}]
["Utiliza Seguro Rural",1,null,{"v":0.6622516556291391,"d":"0.7"}]
["Utiliza Escrituração Agrícola",10,null,{"v":6.622516556291392,"d":"6.6"}]
["Acessa Internet p/ Fins na Agropecuária",4,null,{"v":2.6490066225165565,"d":"2.6"}]
["Utiliza Computador nas Atividades Agropecuárias",4,null,{"v":2.6490066225165565,"d":"2.6"}]
["Utiliza Energia Elétrica Para Uso na Atividade Agrícola",113,null,{"v":74.8344370860927,"d":"74.8"}]
["Realiza Análise de Solo, quando necessário",64,null,{"v":42.384105960264904,"d":"42.4"}]
["Utiliza Práticas de Conservação de Solo, quando necessário",135,null,{"v":89.40397350993376,"d":"89.4"}]
["Faz Adubação Mineral, quando necessário",93,null,{"v":61.58940397350993,"d":"61.6"}]
["Faz Adubação Orgânica, quando necessário",16,null,{"v":10.596026490066226,"d":"10.6"}]
["Faz Adubação Verde, quando necessário",7,null,{"v":4.635761589403973,"d":"4.6"}]
["Utiliza Manejo Integrado de Pragas (MIP)","-",null,"-"]
["Utiliza Hidroponia","-",null,"-"]
["Utiliza Plasticultura",1,null,{"v":0.6622516556291391,"d":"0.7"}]
["Utiliza Mudas Fiscalizadas",6,null,{"v":3.9735099337748347,"d":"4.0"}]
["Utiliza Semente Melhorada",12,null,{"v":7.947019867549668,"d":"7.9"}]
["Faz Confinamento de Bovinos",5,null,{"v":3.3112582781456954,"d":"3.3"}]
["Utiliza Pastejo Intensivo",6,null,{"v":3.9735099337748347,"d":"4.0"}]
["Faz Inseminação Artificial",4,null,{"v":2.6490066225165565,"d":"2.6"}]
["Faz Mineralização do Rebanho",68,null,{"v":45.033112582781456,"d":"45.0"}]
["Faz Vermifugação do Rebanho",69,null,{"v":45.6953642384106,"d":"45.7"}]
["Possui Parceiros /Arrendatários na Exploração Animal",22,null,{"v":14.56953642384106,"d":"14.6"}]
["Esporte e lazer","-",null,"-"]
["Extração mineral","-",null,"-"]
["Hotel Fazenda, Pousada ou SPA","-",null,"-"]
["Pesque-pague","-",null,"-"]
["Restaurante ou Lanchonete","-",null,"-"]
["Transformação artesanal","-",null,"-"]
["Turismo rural ou ecoturismo","-",null,"-"]
["Outras atividades econômicas rurais","-",null,"-"]
["Agroindústria","-",null,"-"]
["Proprietário sem instrução ou com instrução incompleta",13,null,{"v":8.609271523178808,"d":"8.6"}]
["Proprietário com antigo primário completo",45,null,{"v":29.801324503311257,"d":"29.8"}]
["Proprietário com 1° grau (ou antigo ginasial) completo",24,null,{"v":15.894039735099337,"d":"15.9"}]
["Proprietário com 2° grau (ou antigo colegial) completo",25,null,{"v":16.556291390728475,"d":"16.6"}]
["Proprietário com curso superior completo ",41,null,{"v":27.1523178807947,"d":"27.2"}]
["Pessoa Jurídica",3,null,{"v":1.9867549668874174,"d":"2.0"}]
["Proprietário residente na própria UPA ",29,null,{"v":19.20529801324503,"d":"19.2"}]
["Fonte: Secretaria de Agricultura e Abastecimento, CDRS/IEA, Projeto LUPA."]
[]
["TABELA 238.5 - Área Cultivada, Município de Inúbia Paulista, Estado de São Paulo, 2007/08."]
["CULTURA","N.DE UPAs","MÍNIMO","MÉDIO","MÁXIMO","TOTAL"]
["Braquiaria",131,0.3,{"v":36.63,"d":"36.6"},749.3,{"v":4797.9,"d":"4,797.9"}]
["Cana-de-acucar",58,0.2,{"v":58.75,"d":"58.8"},{"v":835,"d":"835.0"},{"v":3407.5,"d":"3,407.5"}]
["Eucalipto",35,0.1,{"v":6.62,"d":"6.6"},{"v":120,"d":"120.0"},231.8]
["Cafe",43,0.1,{"v":5.15,"d":"5.2"},{"v":60,"d":"60.0"},221.3]
["Coloniao",3,{"v":1,"d":"1.0"},{"v":28.67,"d":"28.7"},{"v":70,"d":"70.0"},{"v":86,"d":"86.0"}]
["Seringueira",4,{"v":6,"d":"6.0"},18.5,{"v":40,"d":"40.0"},{"v":74,"d":"74.0"}]
["Soja",2,{"v":29,"d":"29.0"},31.5,{"v":34,"d":"34.0"},{"v":63,"d":"63.0"}]
["Pinus",3,{"v":3,"d":"3.0"},{"v":13.33,"d":"13.3"},{"v":27,"d":"27.0"},{"v":40,"d":"40.0"}]
["Gramas",8,{"v":1,"d":"1.0"},4.3,{"v":10,"d":"10.0"},34.4]
["Milho",9,0.3,{"v":2.37,"d":"2.4"},9.6,21.3]
["Macadamia (ou noz-macadamia)",2,0.6,10.6,20.6,21.2]
["Feijao",2,{"v":3,"d":"3.0"},{"v":6.65,"d":"6.7"},10.3,13.3]
["Mandioca",2,2.4,4.8,7.2,9.6]
["Maracuja",4,{"v":1,"d":"1.0"},2.2,4.8,8.8]
["Capim-jaragua",1,4.2,4.2,4.2,4.2]
["Laranja",1,{"v":4,"d":"4.0"},{"v":4,"d":"4.0"},{"v":4,"d":"4.0"},{"v":4,"d":"4.0"}]
["Capim-napier (ou capim-elefante)",3,0.6,1.1,1.5,3.3]
["Pomar domestico",7,0.2,{"v":0.43,"d":"0.4"},{"v":1,"d":"1.0"},{"v":3,"d":"3.0"}]
["Horta domestica",2,0.5,{"v":0.75,"d":"0.8"},{"v":1,"d":"1.0"},1.5]
["Coco-da-baia",2,0.1,{"v":0.75,"d":"0.8"},1.4,1.5]
["Banana",2,0.4,0.5,0.6,{"v":1,"d":"1.0"}]
["Limao",1,0.8,0.8,0.8,0.8]
["Manga",1,0.5,0.5,0.5,0.5]
["Amendoim",1,0.5,0.5,0.5,0.5]
["Fonte: Secretaria de Agricultura e Abastecimento, CDRS/IEA, Projeto LUPA."]